000 00439nam a22001937a 4500
005 20231016095924.0
008 230908b |||||||| |||| 00| 0 eng d
020 _a9780071152962
082 _a621.381
_bGRO-B
100 _aGrob
245 _aBasic Electronics
250 _a8th ed.
260 _aIndia
_bMcGraw-Hill
300 _a1010
500 _aInclude Index
650 _aEngineering
700 _aGrob
942 _iBook
_6BOOK
999 _c33470
_d33470